| 000 | 01203nam0a22002531 4500 | ||
|---|---|---|---|
| 001 | rc\723235 | ||
| 005 | 20260406195910.0 | ||
| 035 | _a(NLR Aleph) 005966498 | ||
| 090 |
_a6899172 _c6899172 |
||
| 100 | _a20031121d1996 |||y0rusy50 ca | ||
| 101 | 0 | _arus | |
| 102 | _aRU | ||
| 105 | _ay ||||||||| | ||
| 200 | 1 |
_aИДЕЯ государственности в истории политической мысли России _eСб. ст. _fМ-во общ. и проф. образования Рос. Федерации, Алт. гос. ун-т. НИИ гуманит. исслед. _g[Отв. ред. В.Я. Баркалов, к. филос. н., доц.] |
|
| 210 |
_aБарнаул _cИзд-во Алт. гос. ун-та _d1996 |
||
| 215 |
_a104 с. _d21 |
||
| 320 | _aБиблиогр. в конце докл. | ||
| 702 | 1 |
_aБаркалов _bВ.Я. _gВалентин Яковлевич _4340 |
|
| 712 | 0 | 2 |
_aАлтайский государственный университет _bНИИ гуманитарных исследований _cБарнаул _9414777 _3RU\NLR\AUTH\889959309 |
| 801 | 0 |
_aRU _bNLR _gpsbo |
|
| 801 | 1 |
_aRU _bELAR _2rusmarc |
|
| 852 |
_aNLR _j97-3/6126 |
||
| 942 | _cBOOK | ||
| 980 | _aNB | ||